000 01716cam a22004814i 4500
003 PE-LiUPU
005 20250731173021.0
008 150623s r 000 0 d
020 _a0941037339
035 _a(Sirsi) i9780941037334
040 _aPE-LiUPU
_bspa
_cPE-LiUPU
_erda
049 _aPRUA
082 0 4 _a222.1044
_bM99
_221
100 1 _aMynatt, Daniel Stephen,
_d1962-,
_eautor.
245 1 4 _aThe sub loco notes in the Torah of Biblia Hebraica Stuttgartensia /
_cpor Daniel S. Mynatt.
264 1 _aNorth Richland Hills, TX :
_bBIBAL Press,
_c1995.
300 _a278 páginas ;
_c22 centímetros
336 _atext
_2rdacontent
337 _aunmediated
_2rdamedia
338 _avolume
_2rdacarrier
490 0 _aBIBAL Dissertation Series ;
_v2
504 _aIncluye bibliografía.
505 0 _aThe catalog of entries. -Classification of errors in the sub loco notes. -The sub loco notes and the aleppo codex.
526 _aSEG42
526 _aSEG41
526 _aSEG40
526 _aSEG39
526 _aP94
526 _aP87
526 _aP86
526 _aP85
526 _aP77
526 _aP76
526 _aP35
630 _aBiblia.
_lHebreo.
_sStuttgartensia.
630 _aBiblia.
_pA.T.
_pPentateuco
_xCrítica, interpretación, etc.
942 _2ddc
_cBOOK
949 _a222.1044 M99
_wDEWEY
_c1
_i47443
_lCCODEBUL1
_mBUL
_r0
_sY
_tBOOK
_u2015-6-24
_xTEOLOGIA
_PP35
_0COMPRA
_o.STAFF. Colección General
994 _aC0
_bPEPRU
596 _a1
999 _a222.1044 M99
_wDEWEY
_c24001
_i47443
_f2021-11-9
_g5
_lCCODEBUL1
_mBUL
_r0
_sY
_tBOOK
_u2015-6-24
_xTEOLOGIA
_PP35
_0COMPRA
_o.STAFF. Colección General
_d24001
980 _81
_gALBERTO SANCHEZ Responsable de Automatización